ACROSS THE BLACK WATERS (Record no. 5114)

MARC details
000 -LEADER
fixed length control field 00488nam a2200241Ia 4500
001 - CONTROL NUMBER
control field 068549
003 - CONTROL NUMBER IDENTIFIER
control field YMCAF
005 - DATE AND TIME OF LATEST TRANSACTION
control field 20230512160528.0
008 - FIXED-LENGTH DATA ELEMENTS--GENERAL INFORMATION
fixed length control field 100717s1980 ||||||||||||||||| ||und|d
020 ## - INTERNATIONAL STANDARD BOOK NUMBER
International Standard Book Number -
024 ## - OTHER STANDARD IDENTIFIER
Standard number or code 68549
035 ## - SYSTEM CONTROL NUMBER
System control number 8012
040 ## - CATALOGING SOURCE
Original cataloging agency YMCAF
Language of cataloging eng
Transcribing agency IN-KoLT
041 ## - LANGUAGE CODE
Language code of text/sound track or separate title eng
100 ## - MAIN ENTRY--PERSONAL NAME
Personal name ANAND, MULK RAJ
245 #0 - TITLE STATEMENT
Title ACROSS THE BLACK WATERS
250 ## - EDITION STATEMENT
Edition statement -
260 ## - PUBLICATION, DISTRIBUTION, ETC.
Name of publisher, distributor, etc. ORIENT
Date of publication, distribution, etc. 1980
300 ## - PHYSICAL DESCRIPTION
Extent 321
653 ## - INDEX TERM--UNCONTROLLED
Uncontrolled term -
653 ## - INDEX TERM--UNCONTROLLED
Uncontrolled term -
942 ## - ADDED ENTRY ELEMENTS (KOHA)
Source of classification or shelving scheme Dewey Decimal Classification
Koha item type Books
Holdings
Withdrawn status Lost status Damaged status Not for loan Home library Current library Date acquired Cost, normal purchase price Total Checkouts Barcode Date last seen Cost, replacement price Price effective from Koha item type Public note G
  Lost     JC Bose University of Science & Technology JC Bose University of Science & Technology 17/07/2010 14.00   8012 12/05/2023 14.00 12/05/2023 Books C 801042